000
00206nam a22000857a 4500
008
161228b xxu||||| |||| 00| 0 eng d
100
_9
2218
_a
Gupta.R.G
245
_a
Mathematics -6
260
_a
New Delhi
_b
APC
_c
2010
999
_c
5106
_d
5106